000 00297nam a2200121Ia 4500
008 190216s9999||||xx |||||||||||||| ||und||
100 _aOlappamanna
245 0 _aOlichupokunnu Njan
260 _bSahithya Pravarthaka Sahakarana Sangam
_c1965
300 _a55p
650 _aKavithkal
942 _cBK
999 _c24529
_d24529